000 00293nam a2200109Ia 4500
008 171211s9999 xx 000 0 und d
245 _aSmart People Don't Diet
245 _cCharlotte N. Markey
260 _c2014
650 _xHEALTH
856 _uhttp://down.ebook777.com/017/9780738217710.pdf
999 _c348379
_d348379